| 000 | 00400nam a2200157 a 4500 | ||
|---|---|---|---|
| 005 | 20140412111221.0 | ||
| 008 | 001117s19uu xx 00 eng d | ||
| 020 | _a0-7214-0753-6 | ||
| 050 |
_aER _bDe423 1983 |
||
| 100 | _aWoodman, June | ||
| 245 |
_aDennis finds a new job / _cJune Woodman. |
||
| 260 |
_aUK : _bLadybird, _c1983. |
||
| 300 | _a51 p. | ||
| 650 | _aJob -- Fiction | ||
| 999 |
_c101913 _d101913 |
||